| 000 | 01048cam a22002533a 4500 | ||
|---|---|---|---|
| 001 | 4983 | ||
| 003 | PGUSA | ||
| 005 | 20140828083112.0 | ||
| 008 | 040101s2004||||xxu|||||s|||||000 | eng d | ||
| 040 |
_aPGUSA _beng |
||
| 042 | _adc | ||
| 050 | 4 | _aPE | |
| 100 | 1 |
_aBechtel, John Hendricks, _d1841- |
|
| 245 | 1 | 0 |
_aSlips of Speech : _ba Helpful Book for Everyone Who Aspires to Correct the Everyday Errors of Speaking _h[electronic resource] / _cJohn Hendricks Bechtel |
| 260 |
_bProject Gutenberg, _c2004 |
||
| 505 | 0 | _aTaste -- Choice of words -- Contractions -- Possessive case -- Pronouns -- Number -- Adverbs -- Conjunctions -- Correlatives -- The infinitive -- Participles -- Prepositions -- The article -- Redundancy -- Two negatives -- Accordance of verb with subject. | |
| 506 | _aPublic domain in the USA. | ||
| 516 | _aElectronic text | ||
| 653 | _aEnglish language -- Errors of usage | ||
| 653 | _aEnglish language -- Idioms | ||
| 830 | 0 |
_aProject Gutenberg _v4983 |
|
| 856 | 4 | 0 | _uhttp://www.gutenberg.org/ebooks/4983 |
| 942 | _cEB | ||
| 999 |
_c234312 _d234312 |
||